The last kids on earth: (Record no. 49681)
| 000 -LEADER | |
|---|---|
| fixed length control field | 00470nam a2200145 4500 |
| 020 ## - INTERNATIONAL STANDARD BOOK NUMBER | |
| International Standard Book Number | 9780593117187 |
| 100 ## - MAIN ENTRY--PERSONAL NAME | |
| Personal name | Brallier, Max |
| 9 (RLIN) | 84216 |
| 245 ## - TITLE STATEMENT | |
| Title | The last kids on earth: |
| Remainder of title | June's wild flight / |
| Statement of responsibility, etc | Max Brallier. |
| 260 ## - PUBLICATION, DISTRIBUTION, ETC. (IMPRINT) | |
| Place of publication, distribution, etc | New York: |
| Name of publisher, distributor, etc | Viking; |
| Date of publication, distribution, etc | 2020. |
| 300 ## - PHYSICAL DESCRIPTION | |
| Extent | 261 p. |
| Other physical details | illustrations. |
| Dimensions | 21 cm. |
| 650 ## - SUBJECT ADDED ENTRY--TOPICAL TERM | |
| Topical term or geographic name as entry element | Zombies. Monsters. Apocalypse. |
| Form subdivision | Fiction. |
| 9 (RLIN) | 86800 |
| 655 ## - INDEX TERM--GENRE/FORM | |
| Genre/form data or focus term | Fantasy. |
| 9 (RLIN) | 56253 |
| 700 ## - ADDED ENTRY--PERSONAL NAME | |
| Relator code | illustrator. |
| Personal name | Douglas Holgate. |
| 9 (RLIN) | 86190 |
| 942 ## - ADDED ENTRY ELEMENTS (KOHA) | |
| Source of classification or shelving scheme | |
| Koha item type | J FIC BOOKS |
| Withdrawn status | Lost status | Source of classification or shelving scheme | Damaged status | Not for loan | Collection code | Home library | Current library | Shelving location | Date acquired | Full call number | Barcode | Date last seen | Price effective from | Koha item type |
|---|---|---|---|---|---|---|---|---|---|---|---|---|---|---|
| SECONDARY | Asian Hope Secondary Library | Asian Hope Secondary Library | Junior Fiction | 10/28/2025 | J FIC BRA | 208799 | 01/16/2026 | 10/28/2025 | J FIC BOOKS |